Statystyki dla Wykreślanka(2)

Kliknij tutaj aby rozwiązać quiz!

Ogólne statystyki

  • Ten quiz został rozwiązany 188 razy
  • Średni wynik to 5 z 5

Statystyki odpowiedzi

Wykreśl% Poprawnych
SEREKILONSERCEGAZSer|Serek|Serce|Gaz
100%
MEWANOOBIEZIRMewa|Noob|Obie
97%
THOWYSPANIGERIALOSWyspa|Niger|Nigeria|Los
97%
MOMZUPATROLLOLZupa|Patrol|Troll|Lol
94%
TESOMALIAFALANSomalia|Fala|Alan|Mali
93%

Rozkład punktacji

Percentyl według liczby udzielonych odpowiedzi

Procent ludzi z każdym wynikiem

Twoja historia wyników

Nie rozwiązałeś tego quizu